000
00255nam a2200097Ia 4500
001
986282
005
20250826221058.0
008
250824s9999 xx 000 0 und d
245
0
_a
BEŞ PORTAKAL ÇEKİRDEĞİ
_c
ARTHUR CONAN DOYLE
260
_b
DOKUZ YAYINCILIK
999
_c
986282
_d
986282